| 000 | 00388nam a2200133Ia 4500 | ||
|---|---|---|---|
| 008 | 230917s9999||||xx |||||||||||||| ||und|| | ||
| 040 |
_e90067 _aMAIN |
||
| 041 | _aEnglish | ||
| 082 | _a677 T952Q | ||
| 100 | _aTyagi, Gajendra Singh | ||
| 245 | 0 | _aQuality aspects of acrylic -viscose rotor-spun yarns and properties of knitted fabrics made therefrom | |
| 300 | _avi, 135 p. | ||
| 942 | _cTH | ||
| 999 |
_c72925 _d72925 |
||